000 00446nam a2200193Ia 4500
005 20250423100757.0
008 250422s9999 xx 000 0 und d
020 _a1405121157
050 _aRC 582 .R65/
100 _aRabson, A.
245 0 _aReally essential medical immunology
250 _a2nd ed.
260 _aMalden, Mass.
260 _bBlackwell Pub.
260 _c2005
300 _a220 p
650 _a Immunity
942 _cBK
999 _c34308
_d34308